[Event "POL-chT 1st League"]
[Site "Szklarska Poreba"]
[Date "2021.09.08"]
[Round "5.8"]
[White "Budkiewicz, Magdalena"]
[Black "Adamczyk, Zuzanna"]
[Result "1-0"]
[WhiteElo "1827"]
[BlackElo "2055"]
[PlyCount "79"]
[EventDate "2021.09.04"]
[EventType "team-swiss"]
[EventRounds "9"]
[EventCountry "POL"]
[SourceTitle "CBM 204 Extra"]
[Source "ChessBase"]
[SourceDate "2021.11.30"]
[SourceVersion "1"]
[SourceVersionDate "2021.11.30"]
[SourceQuality "1"]
[WhiteTeam "Krakow Gens Una Sumus"]
[BlackTeam "Jastrzebie Zdroj Pionier"]
[WhiteTeamCountry "POL"]
[BlackTeamCountry "POL"]

1. e4 c6 2. d4 d5 3. Nc3 dxe4 4. Nxe4 Nf6 5. Nxf6+ exf6 6. Be3 Bd6 7. Bd3 0-0 8. Ne2 Re8 9. 0-0 Nd7 10. c4 Nf8 11. Qd2 Ng6 12. Ng3 Bc7 13. Rac1 Ne7 14. Rfd1 f5 15. b4 Be6 16. a4 Qb8 17. f4 a6 18. Ne2 Nc8 19. Rc2 Nd6 20. Rdc1 Ne4 21. Bxe4 fxe4 22. d5 Bg4 23. Nc3 g5 24. Rf1 gxf4 25. Bxf4 Bxf4 26. Rxf4 f5 27. Nxe4 Qe5 28. Ng3 cxd5 29. Qxd5+ Qxd5 30. cxd5 Re5 31. Rd2 Rd8 32. h3 Re1+ 33. Kf2 Rd1 34. Rc2 R8xd5 35. hxg4 R5d2+ 36. Rxd2 Rxd2+ 37. Ke3 Rxg2 38. Nxf5 Ra2 39. a5 Rc2 40. Nd6 1-0

[Event "POL-chT 1st League"]
[Site "Szklarska Poreba"]
[Date "2021.09.06"]
[Round "3.3"]
[White "Kubicka, Anna"]
[Black "Adamczyk, Zuzanna"]
[Result "1-0"]
[WhiteElo "2274"]
[BlackElo "2055"]
[PlyCount "61"]
[EventDate "2021.09.04"]
[EventType "team-swiss"]
[EventRounds "9"]
[EventCountry "POL"]
[SourceTitle "CBM 204 Extra"]
[Source "ChessBase"]
[SourceDate "2021.11.30"]
[SourceVersion "1"]
[SourceVersionDate "2021.11.30"]
[SourceQuality "1"]
[WhiteTeam "Dabrowa Gornicza Zaglebie"]
[BlackTeam "Jastrzebie Zdroj Pionier"]
[WhiteTeamCountry "POL"]
[BlackTeamCountry "POL"]

1. e4 c6 2. d4 d5 3. Nc3 dxe4 4. Nxe4 Nf6 5. Nxf6+ exf6 6. c3 Bd6 7. Bd3 0-0 8. Qc2 Re8+ 9. Ne2 h5 10. 0-0 h4 11. h3 Na6 12. Be3 Nc7 13. c4 Ne6 14. Qd2 Bb8 15. Rfe1 g6 16. Kf1 Qd6 17. Ng1 f5 18. Bg5 Qxd4 19. Nf3 Qh8 20. Bxh4 c5 21. Bc2 Qxb2 22. Ba4 Qxd2 23. Nxd2 Rf8 24. Be7 Bc7 25. Rad1 Rb8 26. Bxf8 Kxf8 27. Nf3 Ba5 28. Re2 b6 29. Bd7 Nd4 30. Re8+ Kg7 31. Rxc8 1-0

[Event "Ustron op-B"]
[Site "Ustron"]
[Date "2021.08.20"]
[Round "9"]
[White "Jedrusik, Adam"]
[Black "Adamczyk, Zuzanna"]
[Result "1-0"]
[WhiteElo "2009"]
[BlackElo "1975"]
[PlyCount "105"]
[EventDate "2021.08.13"]
[EventType "swiss"]
[EventRounds "9"]
[EventCountry "POL"]
[SourceTitle "CBM 204 Extra"]
[Source "ChessBase"]
[SourceDate "2021.11.30"]
[SourceVersion "1"]
[SourceVersionDate "2021.11.30"]
[SourceQuality "1"]

1. d4 d5 2. Bf4 c5 3. e3 Nc6 4. c3 Nf6 5. Nd2 Bf5 6. Qb3 Qd7 7. Ngf3 c4 8. Qd1 e6 9. Be2 Bd6 10. Bxd6 Qxd6 11. Nh4 Ne4 12. 0-0 Qe7 13. Nxf5 exf5 14. Nxe4 fxe4 15. b3 cxb3 16. Qxb3 Rd8 17. Rab1 b6 18. Bb5 Qb7 19. Qa3 Rd7 20. Rfc1 h5 21. c4 Rh6 22. cxd5 Rxd5 23. Qa4 Kd7 24. Bxc6+ Rxc6 25. Rxc6 Qxc6 26. Qxa7+ Qc7 27. Qxb6 Qxb6 28. Rxb6 Ra5 29. Rb2 Kd6 30. h4 f6 31. Kh2 g5 32. Kg3 Kd5 33. a4 gxh4+ 34. Kxh4 Rxa4 35. Rb5+ Ke6 36. Rxh5 Ra2 37. Kg3 Re2 38. Ra5 f5 39. Ra6+ Ke7 40. Ra3 Ke6 41. f3 Kd5 42. Kf4 Rxg2 43. Ra5+ Kc4 44. Rxf5 Kd3 45. fxe4 Rh2 46. Rg5 Rf2+ 47. Ke5 Rf3 48. d5 Rxe3 49. Rg4 Kc4 50. d6 Kc5 51. Ke6 Kc6 52. e5 Rd3 53. Rc4+ 1-0